| 000 | 01162cam a22003494a 4500 | ||
|---|---|---|---|
| 001 | 14101156 | ||
| 003 | OSt | ||
| 005 | 20160517103100.0 | ||
| 008 | 050908s2005 tnua b 001 0 eng | ||
| 010 | _a 2005026378 | ||
| 020 | _a9781570671869 | ||
| 020 | _a1570671869 | ||
| 040 | _aSEKU | ||
| 042 | _apcc | ||
| 043 | _aa-ii--- | ||
| 050 | 0 | 0 |
_aRF 354 _b.J44 2005 |
| 100 | 1 |
_aJefferson, Warren, _d1943- |
|
| 245 | 1 | 4 |
_aThe neti pot for better health / _cWarren Jefferson. |
| 260 |
_aSummertown, Tenn. : _bHealthy Living Publications, _cc2005. |
||
| 300 |
_a95 p. : _bill. ; _c22 cm. |
||
| 504 | _aIncludes bibliographical references and index. | ||
| 650 | 0 |
_aNose _xCare and hygiene. |
|
| 650 | 0 |
_aNose _xDiseases _xAlternative treatment. |
|
| 650 | 0 |
_aSinusitis _xAlternative treatment. |
|
| 650 | 0 |
_aHay fever _xAlternative treatment. |
|
| 650 | 0 |
_aRespiratory infections _xAlternative treatment. |
|
| 650 | 0 |
_aRespiratory allergy _xAlternative treatment. |
|
| 650 | 0 |
_aTraditional medicine _zIndia. |
|
| 650 | 0 | _aSelf-help techniques. | |
| 856 | 4 | 1 |
_3Table of contents _uhttp://www.loc.gov/catdir/toc/ecip0519/2005026378.html |
| 942 |
_2lcc _cGEN |
||
| 999 |
_c14087 _d14087 |
||